00483nam a2200121Ia 4500003000400000005001700004008004100021040001800062041000800080100004800088245019200136260003300328OSt20260129170537.0211028s2018 xx 000 0 und d cAIMIT LIBRARY aeng aStanley, Rachel J; Naik, Vasantha.g1616149 aStudy on the determinants and consequences of insufficient training provided to new joinees and the appraisal policies that affect employee satisfaction at inflow technologies Bangalore / aMangalorebVasantha G.c2018